Plant biotechnology hand book / (Record no. 136002)

MARC details
000 -LEADER
fixed length control field 00743nam a22002177a 4500
005 - DATE AND TIME OF LATEST TRANSACTION
control field 20170124110253.0
010 ## - LIBRARY OF CONGRESS CONTROL NUMBER
LC control number B-168045
020 ## - INTERNATIONAL STANDARD BOOK NUMBER
Terms of availability 1100.00
International Standard Book Number 8186623833
035 ## - SYSTEM CONTROL NUMBER
System control number B-168045
037 ## - SOURCE OF ACQUISITION
Source of stock number/acquisition Cen Lib/Ret
040 ## - CATALOGING SOURCE
Original cataloging agency DPL
Language of cataloging EN
082 ## - DEWEY DECIMAL CLASSIFICATION NUMBER
Classification number 631
Item number PLA
110 ## - MAIN ENTRY--CORPORATE NAME
Corporate name or jurisdiction name as entry element Delhi. National Institute of Industrial Research
9 (RLIN) 105129
245 ## - TITLE STATEMENT
Title Plant biotechnology hand book /
Statement of responsibility, etc by Delhi. National Institute of Industrial Research
260 ## - PUBLICATION, DISTRIBUTION, ETC. (IMPRINT)
Place of publication, distribution, etc Delhi
Name of publisher, distributor, etc National Institute of Industrial Research
270 ## - ADDRESS
Address 106-E, Kamla Nagar, P.E.No.2162
City Delhi
Postal code 110007
300 ## - PHYSICAL DESCRIPTION
Extent xiii,550p.
Dimensions 20cm(pbk)
650 ## - SUBJECT ADDED ENTRY--TOPICAL TERM
Topical term or geographic name as entry element Organisms of biotechnology
9 (RLIN) 100024
650 ## - SUBJECT ADDED ENTRY--TOPICAL TERM
Topical term or geographic name as entry element Nitrogen fixation
9 (RLIN) 100025
942 ## - ADDED ENTRY ELEMENTS (KOHA)
Source of classification or shelving scheme Dewey Decimal Classification
Koha item type English Books
Classification part 631
Call number suffix PLA
Holdings
Withdrawn status Lost status Damaged status Not for loan Home library Current library Date acquired Source of acquisition Cost, normal purchase price Total Checkouts Full call number Barcode Date last seen Date checked out Copy number Cost, replacement price Price effective from Koha item type Source of classification or shelving scheme Collection code
        Central Library Central Library 12/10/2015 Cen Lib/Ret 1100.00 2 631 PLA B-168045 15/01/2019 09/01/2019 1 1100.00 12/10/2015 English Books    
        Sarojini Nagar Sarojini Nagar 11/04/2019       631 PLA B-168047 11/04/2019       11/04/2019 English Books Dewey Decimal Classification Non-fiction

© Delhi Public Library
Hit Counter
free hit counter